[Event "Russian Championship B13 1st league 2016"]
[Site "Loo"]
[Date "2016.04.26"]
[Round "7.30"]
[White "Ogorodnikov, Nikolai"]
[Black "Zyryanov, Konstantin"]
[Result "0-1"]
[WhiteElo "1633"]
[BlackElo "1414"]
[PlyCount "134"]
[EventDate "2016.04.20"]

1. c4 e5 2. Nc3 Nf6 3. e4 Bc5 4. d3 Nc6 5. g3 d6 6. h3 Be6 7. Nge2 Nd4 8. Bg2
O-O 9. O-O c6 10. Kh2 d5 11. f4 Nxe2 12. Qxe2 dxc4 13. dxc4 exf4 14. Rxf4 Qd4
15. Qe1 Qe5 16. Be3 Bxe3 17. Qxe3 Rfd8 18. Qe2 Rd4 19. b3 Rad8 20. Rd1 Rxd1 21.
Nxd1 Rd4 22. Nf2 Nh5 23. Rf3 f5 24. Rd3 Rxd3 25. Qxd3 f4 26. Qd8+ Kf7 27. gxf4
Qxf4+ 28. Kg1 Ng3 29. Qd3 h5 30. Qf3 Qxf3 31. Bxf3 h4 32. Kg2 Kf6 33. Nd3 Kg5
34. a3 b6 35. Ne5 c5 36. Nd3 Kf6 37. a4 g5 38. e5+ Ke7 39. Bd5 Nf5 40. Kh2 Nd4
41. b4 cxb4 42. Nxb4 Bxd5 43. cxd5 Nf3+ 44. Kg2 Nxe5 45. Kf2 Kd6 46. Ke3 g4 47.
hxg4 Nxg4+ 48. Kf3 Nf6 49. Nc6 a5 50. Nd4 Nxd5 51. Nf5+ Kc5 52. Nxh4 Nc3 53.
Nf5 Nxa4 54. Ke3 Kb4 55. Nd4 Nc5 56. Nc6+ Kc3 57. Nd4 a4 58. Nb5+ Kb4 59. Nd4
b5 60. Nc6+ Kc3 61. Nd4 b4 62. Nb5+ Kb2 63. Kd2 a3 64. Nd6 Ne4+ 65. Nxe4 a2 66.
Nf2 a1=Q 67. Nd3+ Ka3 0-1

[Event "Russian Championship B13 1st league 2016"]
[Site "Loo"]
[Date "2016.04.26"]
[Round "7.31"]
[White "Kazakov, Gleb"]
[Black "Aslanyan, Razmik"]
[Result "1/2-1/2"]
[WhiteElo "1447"]
[BlackElo "1630"]
[PlyCount "96"]
[EventDate "2016.04.20"]

1. e4 c5 2. Nf3 e6 3. d4 cxd4 4. Nxd4 Nf6 5. Bd3 Nc6 6. Nxc6 bxc6 7. O-O d5 8.
e5 Nd7 9. f4 Bc5+ 10. Kh1 Bb6 11. Nc3 Nc5 12. Qf3 Nxd3 13. Qxd3 a5 14. Rd1 Ba6
15. Qg3 g6 16. Ne4 Qe7 17. Nf6+ Kd8 18. Be3 Bxe3 19. Qxe3 Kc7 20. Qc3 Kb6 21.
Qb3+ Kc7 22. Rd2 Qc5 23. Qf3 h5 24. Rad1 Rhd8 25. b3 Kb7 26. c4 Ka7 27. Qc3 Qb6
28. h3 Bb7 29. a3 Rac8 30. b4 a4 31. Qd4 Ba6 32. Qxb6+ Kxb6 33. Ne4 Rc7 34.
cxd5 cxd5 35. Nc5 Bb5 36. Kg1 Be8 37. Kf2 Kb5 38. Rd4 Bc6 39. Kf3 Rh8 40. Rh1
Be8 41. h4 Rg8 42. Ke3 Bc6 43. Rc1 Rgc8 44. g3 Be8 45. Rd3 Bc6 46. Kd4 Kb6 47.
Rdc3 Bb5 48. R1c2 Bc6 1/2-1/2

[Event "Russian Championship B13 1st league 2016"]
[Site "Loo"]
[Date "2016.04.26"]
[Round "7.32"]
[White "Voropaev, Fedor"]
[Black "Melnikov, Vyacheslav"]
[Result "0-1"]
[WhiteElo "1740"]
[BlackElo "1491"]
[PlyCount "116"]
[EventDate "2016.04.20"]

1. d4 d5 2. c4 c6 3. Nc3 Nf6 4. Bg5 e6 5. e3 Nbd7 6. Rc1 Be7 7. Bd3 O-O 8. Nf3
dxc4 9. Bxc4 b5 10. Bd3 Bb7 11. O-O a6 12. a4 b4 13. Bxf6 Nxf6 14. Ne4 Rc8 15.
Nc5 Bxc5 16. Rxc5 Nd7 17. Rc4 a5 18. Be4 Ba6 19. Rxc6 Rxc6 20. Bxc6 Bxf1 21.
Kxf1 Qc7 22. Bxd7 Qxd7 23. Ne5 Qd5 24. b3 f6 25. Nc4 e5 26. Ke2 Rd8 27. g3 exd4
28. Qxd4 Qh5+ 29. g4 Rxd4 30. gxh5 Rd5 31. h6 g5 32. e4 Rd7 33. Nxa5 Kf7 34.
Nc6 Kg6 35. e5 Rc7 36. Nxb4 Rb7 37. Kd3 Rxb4 38. Kc3 Rh4 39. b4 fxe5 40. a5 Rf4
41. a6 Rxf2 42. b5 Ra2 43. Kb3 Ra1 44. Kc4 e4 45. Kd5 Ra5 46. Kc5 e3 47. Kb6 e2
48. Kxa5 e1=Q+ 49. Kb6 Qe6+ 50. Kb7 Qd7+ 51. Kb6 Qc8 52. Ka7 Qc7+ 53. Ka8 Qb6
54. h4 Qxb5 55. a7 Qc6+ 56. Kb8 gxh4 57. a8=Q Qxa8+ 58. Kxa8 h3 0-1

[Event "Russian Championship B13 1st league 2016"]
[Site "Loo"]
[Date "2016.04.26"]
[Round "7.33"]
[White "Shchetkin, Kirill"]
[Black "Zhuravlev, Aleksandr"]
[Result "0-1"]
[WhiteElo "1465"]
[BlackElo "1695"]
[PlyCount "108"]
[EventDate "2016.04.20"]

1. e4 Nf6 2. Nc3 d5 3. e5 Ne4 4. d4 Nxc3 5. bxc3 Bf5 6. Bd3 Bxd3 7. Qxd3 c6 8.
Nf3 e6 9. O-O Be7 10. Be3 O-O 11. Rfe1 Nd7 12. c4 Nb6 13. c5 Nc4 14. Nd2 b5 15.
Nxc4 bxc4 16. Qd2 Qc7 17. Rab1 Rab8 18. c3 Rb7 19. Qc2 Rfb8 20. Bd2 Rxb1 21.
Rxb1 Rb7 22. Bc1 Qb8 23. Rxb7 Qxb7 24. Qb2 Qxb2 25. Bxb2 f6 26. f4 g5 27. g3
fxe5 28. fxe5 g4 29. Bc1 Kf7 30. Kf2 Kg6 31. Kg2 Kf5 32. h3 Ke4 33. Ba3 Kd3 34.
Bb4 Bg5 35. hxg4 Bd2 36. Ba3 Kxc3 37. Kf2 Kd3 38. Kf3 Bg5 39. Bb2 c3 40. Ba3 c2
41. Bb2 c1=Q 42. Bxc1 Bxc1 43. g5 Bxg5 44. Kg4 h6 45. Kh5 Kxd4 46. Kg6 Kxe5 47.
Kf7 Kd4 48. Kxe6 Kxc5 49. Ke5 d4 50. Ke4 Kc4 51. Kf3 d3 52. Kf2 Kc3 53. Kf3 d2
54. Ke4 d1=Q 0-1

[Event "Russian Championship B13 1st league 2016"]
[Site "Loo"]
[Date "2016.04.26"]
[Round "7.34"]
[White "Goroshkov, Mikhail"]
[Black "Efanov, Aleksey"]
[Result "0-1"]
[WhiteElo "1452"]
[BlackElo "1693"]
[PlyCount "132"]
[EventDate "2016.04.20"]

1. d4 Nf6 2. c4 e6 3. Nc3 Bb4 4. e3 b6 5. a3 Bxc3+ 6. bxc3 Bb7 7. Nf3 d6 8. Bd3
Nbd7 9. a4 O-O 10. O-O c5 11. a5 Qc7 12. axb6 axb6 13. Rxa8 Rxa8 14. Bb2 e5 15.
Bf5 Be4 16. Bxe4 Nxe4 17. Qc2 Nef6 18. Ra1 Rxa1+ 19. Bxa1 cxd4 20. cxd4 exd4
21. Nxd4 Ne5 22. Nb5 Qxc4 23. Qxc4 Nxc4 24. Bxf6 gxf6 25. Kf1 Kf8 26. Ke2 Ke7
27. Kd3 Ne5+ 28. Ke2 Kd7 29. f4 Nc4 30. Kd3 Na5 31. Kc3 Kc6 32. Kb4 d5 33. Nd4+
Kd6 34. Nf5+ Ke6 35. Nd4+ Kd7 36. Kb5 Nc4 37. Nc2 f5 38. h3 h5 39. h4 Kd6 40.
Kb4 Kd7 41. Kb5 Kc7 42. Kb4 Kb8 43. Kb5 Kb7 44. g3 Nd6+ 45. Kb4 Ne4 46. Nd4
Nxg3 47. Kb5 Kc7 48. Kb4 Kd7 49. Kb5 Ne4 50. Nxf5 Nd6+ 51. Nxd6 Kxd6 52. Kxb6
d4 53. exd4 Kd5 54. Kc7 Kxd4 55. Kd6 Ke4 56. Ke7 Kxf4 57. Kxf7 Kg4 58. Kf6 Kxh4
59. Kf5 Kg3 60. Ke4 h4 61. Ke3 h3 62. Kd4 h2 63. Ke5 h1=R 64. Ke4 Rf1 65. Ke5
Rf4 66. Ke6 Ra4 0-1

[Event "Russian Championship B13 1st league 2016"]
[Site "Loo"]
[Date "2016.04.26"]
[Round "7.35"]
[White "Tsybulkin, Ivan"]
[Black "Mikiev, Klim"]
[Result "1-0"]
[WhiteElo "1685"]
[BlackElo "1466"]
[PlyCount "77"]
[EventDate "2016.04.20"]

1. d4 d5 2. c4 e6 3. Nf3 Nf6 4. g3 Be7 5. Bg2 O-O 6. O-O b6 7. Nc3 Bb7 8. b3
Nbd7 9. Bb2 c5 10. cxd5 exd5 11. e3 Qc7 12. Rc1 a6 13. dxc5 bxc5 14. Nd4 Nb6
15. Nf5 Rfd8 16. Nxe7+ Qxe7 17. Qe2 d4 18. exd4 Qxe2 19. Nxe2 Bxg2 20. Kxg2
cxd4 21. Nxd4 Ng4 22. Rfe1 h6 23. h3 Nf6 24. Rc6 Nbd5 25. a3 a5 26. Nf5 Rab8
27. Rd1 Kh7 28. Bxf6 gxf6 29. Rd6 Rxd6 30. Nxd6 Nc3 31. Rd3 Rxb3 32. Ne4 Rxa3
33. Rxc3 Ra1 34. Nxf6+ Kg6 35. Rc6 a4 36. Ra6 Kf5 37. Nd5 a3 38. Ne3+ Ke4 39.
Nc2 1-0

[Event "Russian Championship B13 1st league 2016"]
[Site "Loo"]
[Date "2016.04.26"]
[Round "7.36"]
[White "Goryachev, Ivan"]
[Black "Karnaukhov, Evgenii"]
[Result "1-0"]
[WhiteElo "1670"]
[BlackElo "1452"]
[PlyCount "81"]
[EventDate "2016.04.20"]

1. e4 d5 2. exd5 Qxd5 3. Nc3 Qa5 4. d4 Nf6 5. Nf3 Bg4 6. h3 Bh5 7. g4 Bg6 8.
Ne5 Nbd7 9. Nc4 Qa6 10. Bf4 Qc6 11. d5 Qc5 12. Be3 Be4 13. Bxc5 Bxh1 14. Bd4
Nxd5 15. Nxd5 Bxd5 16. Bxg7 Bxg7 17. Qxd5 O-O-O 18. Na5 c6 19. Nxc6 bxc6 20.
Qxc6+ Kb8 21. Ba6 Nc5 22. Qxc5 Rd6 23. Bd3 Rc8 24. Qa5 Rb6 25. Kf1 Rxb2 26. Rd1
Rb6 27. Bf5 e6 28. Rd7 Rb1+ 29. Kg2 Rb7 30. Rxb7+ Kxb7 31. Be4+ Kb8 32. Qb5+
Kc7 33. Qb7+ Kd8 34. Bc6 Rxc6 35. Qxc6 Ke7 36. Qb7+ Kf6 37. f4 Kg6 38. h4 h5
39. gxh5+ Kh6 40. Qxf7 Bd4 41. Qg6# 1-0

[Event "Russian Championship B13 1st league 2016"]
[Site "Loo"]
[Date "2016.04.26"]
[Round "7.37"]
[White "Romanov, Alamin"]
[Black "Zhuravlev, Ignat"]
[Result "0-1"]
[WhiteElo "1452"]
[BlackElo "1645"]
[PlyCount "106"]
[EventDate "2016.04.20"]

1. e4 e5 2. Nf3 Nc6 3. Bc4 Bc5 4. b4 Bxb4 5. c3 Be7 6. Qb3 Nh6 7. d4 Na5 8. Qa4
Nxc4 9. Qxc4 exd4 10. cxd4 d5 11. exd5 Nf5 12. O-O O-O 13. Nc3 a6 14. Re1 Nd6
15. Qb3 Bf5 16. a4 Rb8 17. Ne2 Bf6 18. Ng3 Bg6 19. Ne5 Re8 20. Bd2 Bf5 21. a5
Bg6 22. Re2 Nb5 23. Qc4 Bg5 24. Be3 Bf6 25. Bd2 Rf8 26. Rae1 Na3 27. Qb3 Nc2
28. Nxg6 Nxd4 29. Qb4 Nxe2+ 30. Rxe2 hxg6 31. Qc4 Qd7 32. Bf4 Rbc8 33. Rc2 Rfd8
34. Rd2 Qb5 35. Qa2 Re8 36. h3 Be5 37. Ne2 Bxf4 38. Nxf4 Re1+ 39. Kh2 Re5 40.
d6 cxd6 41. Nxg6 Re6 42. Rxd6 Rxd6 43. Ne7+ Kf8 44. Nxc8 Qe5+ 45. g3 Re6 46.
Qd2 Re8 47. Nd6 Rd8 48. Nc4 Rxd2 49. Nxe5 Rxf2+ 50. Kg1 Ra2 51. Nc4 Ke7 52. h4
Ra4 53. Nb2 Ra1+ 0-1

[Event "Russian Championship B13 1st league 2016"]
[Site "Loo"]
[Date "2016.04.26"]
[Round "7.38"]
[White "Brazhnikov, Dmitri"]
[Black "Lebedev, Nikita"]
[Result "1-0"]
[WhiteElo "1359"]
[BlackElo "1629"]
[PlyCount "93"]
[EventDate "2016.04.20"]

1. e4 e6 2. d4 d5 3. e5 c5 4. c3 Nc6 5. Nf3 Qb6 6. Be2 cxd4 7. cxd4 Bb4+ 8. Kf1
Nge7 9. a3 Ba5 10. b4 Bxb4 11. axb4 Qxb4 12. Ba3 Qb6 13. Nc3 a6 14. Bc5 Qd8 15.
Na4 Ng6 16. Nb6 Rb8 17. Rb1 Nf4 18. Bd6 Nxe2 19. Qxe2 Bd7 20. g3 Na7 21. Nxd7
Kxd7 22. Bxb8 Qxb8 23. Kg2 Nb5 24. Rxb5 axb5 25. Qxb5+ Ke7 26. Rb1 b6 27. Qxb6
Qxb6 28. Rxb6 Rc8 29. Rb7+ Kf8 30. Ng5 Kg8 31. Nxf7 h6 32. Nd6 Ra8 33. Re7 Ra4
34. Rxe6 Rxd4 35. Re8+ Kh7 36. Nf5 Re4 37. Re7 Kg6 38. Nxg7 d4 39. Ne6 Kf5 40.
Nf4 h5 41. h4 Rxe5 42. Rxe5+ Kxe5 43. Nxh5 d3 44. Kf3 Kd4 45. Nf4 d2 46. Ke2
Kc3 47. Kd1 1-0

[Event "Russian Championship B13 1st league 2016"]
[Site "Loo"]
[Date "2016.04.26"]
[Round "7.39"]
[White "Maximov, Mihail"]
[Black "Aralovetc, Mikhail"]
[Result "1-0"]
[WhiteElo "1450"]
[BlackElo "1625"]
[PlyCount "115"]
[EventDate "2016.04.20"]

1. e4 c5 2. Nf3 e6 3. d4 cxd4 4. Nxd4 a6 5. c4 Qc7 6. Nc3 Nc6 7. Nxc6 bxc6 8.
Bd3 Bb7 9. O-O Nf6 10. Be3 d5 11. exd5 cxd5 12. cxd5 Nxd5 13. Nxd5 Bxd5 14.
Qa4+ Bc6 15. Qc2 Qb7 16. f3 h6 17. Rac1 Bd7 18. Be4 Qb8 19. Bxa8 Qxa8 20. Rfd1
Qb7 21. Qc7 Qb5 22. Rxd7 Qxd7 23. Qb8+ Ke7 24. Rc7 Qxc7 25. Qxc7+ Kf6 26. Qd8+
Kg6 27. Qd3+ f5 28. Qxa6 Kf7 29. Qb7+ Kg6 30. Qc6 Kf7 31. Qd7+ Be7 32. Bc5 Re8
33. Bxe7 Rxe7 34. Qd4 e5 35. Qd5+ Kf6 36. a4 e4 37. fxe4 Rxe4 38. a5 Re5 39.
Qxe5+ Kxe5 40. a6 g5 41. a7 f4 42. a8=Q g4 43. Qe8+ Kf5 44. b4 f3 45. gxf3 gxf3
46. Qf8+ Ke4 47. Qxh6 Kd3 48. Kf2 Kc4 49. Kxf3 Kxb4 50. Qc6 Kb3 51. Qc5 Kb2 52.
Qc4 Kb1 53. Qc3 Ka2 54. Qb4 Ka1 55. Ke2 Ka2 56. Kd2 Ka1 57. Kc2 Ka2 58. Qb2#
1-0

[Event "Russian Championship B13 1st league 2016"]
[Site "Loo"]
[Date "2016.04.26"]
[Round "7.40"]
[White "Bukatin, Arseny"]
[Black "Yashin, Vladimir"]
[Result "0-1"]
[WhiteElo "1620"]
[BlackElo "1454"]
[PlyCount "72"]
[EventDate "2016.04.20"]

1. e4 c6 2. d4 d5 3. e5 Bf5 4. h4 h5 5. c4 e6 6. Nc3 Ne7 7. Nf3 Nd7 8. cxd5
cxd5 9. Bg5 a6 10. Be2 Qa5 11. Bxe7 Bxe7 12. O-O Bg4 13. g3 O-O-O 14. a3 Kb8
15. b4 Qc7 16. Rc1 Rc8 17. Qd2 Qd8 18. b5 a5 19. a4 Bb4 20. Qe3 Bh3 21. Rfd1
Bf5 22. Na2 Be7 23. Rxc8+ Kxc8 24. b6 Qxb6 25. Bb5 Nb8 26. Rc1+ Nc6 27. Nd2 Kd7
28. Nb3 Ba3 29. Nc5+ Bxc5 30. Rxc5 Bg6 31. Nc1 Rc8 32. Nb3 Ra8 33. Qg5 Ke8 34.
g4 Kf8 35. gxh5 Nxd4 36. hxg6 Nf3+ 0-1

[Event "Russian Championship B13 1st league 2016"]
[Site "Loo"]
[Date "2016.04.26"]
[Round "7.41"]
[White "Smelykh, Edvin"]
[Black "Mkrtchyan, Mikhail"]
[Result "1-0"]
[WhiteElo "1595"]
[BlackElo "1452"]
[PlyCount "39"]
[EventDate "2016.04.20"]

1. e4 e5 2. Nf3 Nc6 3. Bb5 d6 4. d4 exd4 5. Nxd4 Bd7 6. Nc3 Nge7 7. Bf4 g6 8.
Nxc6 Bxc6 9. Qd4 Rg8 10. Bxc6+ Nxc6 11. Qd2 Bg7 12. a3 Qe7 13. O-O-O O-O-O 14.
Rhe1 Ne5 15. Bg5 Bf6 16. Nd5 Qe6 17. Bxf6 Rde8 18. Qa5 Qd7 19. Bxe5 Rxe5 20.
Qxa7 1-0

[Event "Russian Championship B13 1st league 2016"]
[Site "Loo"]
[Date "2016.04.26"]
[Round "7.42"]
[White "Kleimenov, Ivan"]
[Black "Shkrebko, Mikhail"]
[Result "1/2-1/2"]
[WhiteElo "1576"]
[BlackElo "1407"]
[PlyCount "78"]
[EventDate "2016.04.20"]

1. e4 c6 2. d4 d5 3. Nc3 dxe4 4. Nxe4 Bf5 5. Nc5 Qb6 6. Nb3 e6 7. Nf3 Nf6 8. g3
Be7 9. Bg2 O-O 10. O-O Nbd7 11. Re1 Rfe8 12. Bf4 Rad8 13. Qe2 Nf8 14. c3 Ng6
15. Bg5 h6 16. Bxf6 Bxf6 17. Rad1 e5 18. dxe5 Nxe5 19. Nxe5 Rxe5 20. Rxd8+ Qxd8
21. Qd1 Qxd1 22. Rxd1 Re2 23. Nd4 Bxd4 24. cxd4 Rxb2 25. d5 cxd5 26. Bxd5 Rb1
27. Rf1 Rxf1+ 28. Kxf1 Kf8 29. Ke2 b6 30. f4 Ke7 31. Ke3 f6 32. Kd4 Kd6 33. Bf7
Kc6 34. a4 Kd6 35. Bc4 a5 36. Bb5 Bc8 37. Be2 Bf5 38. Bb5 Bc8 39. Be2 Bf5
1/2-1/2

[Event "Russian Championship B13 1st league 2016"]
[Site "Loo"]
[Date "2016.04.26"]
[Round "7.43"]
[White "Styazhkin, Nikita"]
[Black "Zotkaev, Basang"]
[Result "1-0"]
[WhiteElo "1562"]
[BlackElo "1386"]
[PlyCount "61"]
[EventDate "2016.04.20"]

1. e4 Nc6 2. Nf3 d5 3. exd5 Qxd5 4. Nc3 Qa5 5. Bb5 Bg4 6. h3 Bd7 7. O-O O-O-O
8. d4 e6 9. a3 f6 10. Be3 Bd6 11. b4 Bxb4 12. axb4 Qxb4 13. Qd3 Nge7 14. Rfb1
Qd6 15. Ne4 Qd5 16. c4 Qh5 17. Nc5 Be8 18. Bxc6 Bxc6 19. Rxa7 b6 20. Nxe6 Rd7
21. c5 Bb7 22. cxb6 c5 23. Qa3 Qd5 24. Nxc5 Rhd8 25. Rc1 Kb8 26. Nxd7+ Rxd7 27.
Bf4+ Rc7 28. Rxc7 Nc6 29. Rxc6+ Qe5 30. dxe5 Bxc6 31. Qd6+ 1-0

[Event "Russian Championship B13 1st league 2016"]
[Site "Loo"]
[Date "2016.04.26"]
[Round "7.44"]
[White "Frolov, Artem"]
[Black "Tishkin, Boris"]
[Result "0-1"]
[WhiteElo "1359"]
[BlackElo "1561"]
[PlyCount "98"]
[EventDate "2016.04.20"]

1. e4 c5 2. Nf3 d6 3. d4 cxd4 4. Nxd4 Nf6 5. Nc3 g6 6. f3 Bg7 7. Be3 O-O 8. Qd2
Nc6 9. O-O-O Bd7 10. g4 Rc8 11. Be2 Ne5 12. g5 Nh5 13. f4 Nc4 14. Qd3 Qb6 15.
b3 Nxe3 16. Qxe3 Nxf4 17. Nd5 Nxd5 18. exd5 Rfe8 19. Rhf1 Qc5 20. Rd2 e6 21.
Qf4 Re7 22. dxe6 Bxe6 23. Kd1 Qc3 24. Ke1 Be5 25. Qf2 Bh3 26. Rg1 Rce8 27. Nb5
Qb4 28. a3 Qe4 29. Kd1 Bf4 30. Rd4 Qe3 31. Rxf4 Qxe2+ 32. Qxe2 Rxe2 33. Nxd6
R8e7 34. Nb5 Rxh2 35. Nxa7 Ree2 36. Rc4 Bf5 37. b4 Bxc2+ 38. Kc1 Bd3 39. Rc8+
Kg7 40. Rc7 Ra2 41. Kd1 Be2+ 42. Kc1 Ra1+ 43. Kb2 Rxg1 44. Kc3 Rg4 45. Rxb7
Rh3+ 46. Kd2 Ba6 47. Re7 Rg2+ 48. Kd1 Bc4 49. Re1 Rxa3 0-1

[Event "Russian Championship B13 1st league 2016"]
[Site "Loo"]
[Date "2016.04.26"]
[Round "7.45"]
[White "Konovalov, Alexey"]
[Black "Serov, Aleksandr"]
[Result "0-1"]
[WhiteElo "1560"]
[BlackElo "1349"]
[PlyCount "96"]
[EventDate "2016.04.20"]

1. e4 c6 2. d4 d5 3. exd5 cxd5 4. Bd3 Nc6 5. c3 Nf6 6. h3 g6 7. Qc2 Bg7 8. Bf4
O-O 9. Nd2 b6 10. Ne2 Bb7 11. Rc1 Rc8 12. Qb1 Re8 13. O-O e6 14. Nf3 Nh5 15.
Bg5 Bf6 16. Bxf6 Qxf6 17. Rfe1 Nf4 18. Nxf4 Qxf4 19. Rc2 Re7 20. Rce2 Rec7 21.
a3 Qf6 22. Ne5 Nxe5 23. Rxe5 Kg7 24. Qd1 Bc6 25. Qg4 Bd7 26. Qg3 Qd8 27. h4 Be8
28. h5 Qd6 29. Qh4 Qd8 30. Qf4 Bc6 31. R1e3 Be8 32. hxg6 fxg6 33. Rxe6 Bf7 34.
Qe5+ Kg8 35. Rf6 Qe8 36. Qf4 Re7 37. Bb5 Qd8 38. Rd6 Qc7 39. Rf6 Rxe3 40. fxe3
Qe7 41. Rc6 Re8 42. Kf2 Rf8 43. Rc7 Qd8 44. Ke2 Be8 45. Qe5 Bxb5+ 46. Ke1 Qh4+
47. g3 Qh1+ 48. Kd2 Rf2# 0-1

[Event "Russian Championship B13 1st league 2016"]
[Site "Loo"]
[Date "2016.04.26"]
[Round "7.48"]
[White "Tukaev, Timur"]
[Black "Zakaryaev, Murad"]
[Result "0-1"]
[WhiteElo "1276"]
[BlackElo "1506"]
[PlyCount "84"]
[EventDate "2016.04.20"]

1. e4 c5 2. Nf3 d6 3. Bb5+ Bd7 4. Bxd7+ Qxd7 5. O-O Nf6 6. Qe2 Nc6 7. b3 e6 8.
Bb2 Be7 9. c4 O-O 10. d4 cxd4 11. Nxd4 Rfe8 12. Rd1 Nxd4 13. Rxd4 Qc7 14. Nc3
a6 15. Rdd1 Rad8 16. Kh1 Bf8 17. f4 Nd7 18. Qf3 Nc5 19. f5 Qc6 20. fxe6 fxe6
21. Rf1 b5 22. cxb5 axb5 23. b4 Nd7 24. Rac1 Ne5 25. Qf2 Nd3 26. Qf7+ Kh8 27.
Nd5 Qd7 28. Qxd7 Rxd7 29. Nc7 Rc8 30. Nxe6 Nxc1 31. Nxf8 Re7 32. Bxc1 Kg8 33.
Bg5 Re5 34. h3 Rxf8 35. Rxf8+ Kxf8 36. Bf4 Re6 37. Kg1 Ke7 38. Kf2 Rxe4 39. Bd2
Rc4 40. Ke3 Rc2 41. a3 Ra2 42. Bc1 Rxg2 0-1

[Event "Russian Championship B13 1st league 2016"]
[Site "Loo"]
[Date "2016.04.26"]
[Round "7.49"]
[White "Buyukli, Egor"]
[Black "Bochkarev, Maxim"]
[Result "1-0"]
[WhiteElo "1754"]
[BlackElo "1473"]
[PlyCount "79"]
[EventDate "2016.04.20"]

1. d4 d5 2. c4 e6 3. Nf3 Nc6 4. e3 Nf6 5. Bd3 Be7 6. O-O O-O 7. b3 b6 8. Bb2
Bb7 9. Nbd2 Re8 10. a3 Bf8 11. Qc2 h6 12. Rad1 Qe7 13. Rfe1 Rad8 14. e4 dxe4
15. Nxe4 Nxe4 16. Bxe4 Rd6 17. d5 Nd8 18. b4 c6 19. c5 Rxd5 20. Bxd5 cxd5 21.
Ne5 bxc5 22. bxc5 Qxc5 23. Qe2 Qd6 24. Qb5 Re7 25. Bd4 Rc7 26. Bxa7 f6 27. Ng6
Ba6 28. Qb6 Rc6 29. Qa5 Bc4 30. Nxf8 Qxf8 31. Qb4 Qxb4 32. axb4 e5 33. b5 Rd6
34. b6 Rd7 35. f4 e4 36. Rxe4 Bb3 37. Re8+ Kf7 38. Rde1 Nc6 39. R1e6 Nxa7 40.
R8e7+ 1-0

[Event "Russian Championship B13 1st league 2016"]
[Site "Loo"]
[Date "2016.04.26"]
[Round "7.50"]
[White "Levkin, Lev"]
[Black "Edgeev, Danzan"]
[Result "1-0"]
[WhiteElo "1753"]
[BlackElo "1376"]
[PlyCount "45"]
[EventDate "2016.04.20"]

1. d4 d5 2. c4 c6 3. cxd5 cxd5 4. Nc3 Nf6 5. Nf3 Bf5 6. Bf4 Nc6 7. e3 a6 8. a3
e6 9. Bd3 Bxd3 10. Qxd3 Nh5 11. Bg3 Nxg3 12. hxg3 h6 13. O-O Bd6 14. Rfc1 g5
15. b4 h5 16. e4 dxe4 17. Qxe4 h4 18. d5 hxg3 19. dxc6 gxf2+ 20. Kxf2 Qb6+ 21.
Qd4 Qxd4+ 22. Nxd4 bxc6 23. Nxc6 1-0

[Event "Russian Championship B13 1st league 2016"]
[Site "Loo"]
[Date "2016.04.26"]
[Round "7.51"]
[White "Yadigarov, Aivaz"]
[Black "Zhanazarov, Iskander"]
[Result "1-0"]
[WhiteElo "1441"]
[BlackElo "1746"]
[PlyCount "53"]
[EventDate "2016.04.20"]

1. d4 f5 2. c4 Nf6 3. Nc3 e6 4. Nf3 c6 5. e3 d5 6. Qc2 Bd6 7. cxd5 exd5 8. b3
O-O 9. Bb2 Ne4 10. Bd3 Nd7 11. O-O-O b5 12. Ne1 Nb6 13. f3 Nf6 14. Bxf5 Bxf5
15. Qxf5 Ne4 16. Qe6+ Kh8 17. fxe4 b4 18. Na4 Nxa4 19. bxa4 dxe4 20. Qxe4 Qg5
21. Nc2 c5 22. dxc5 Bxc5 23. Rd5 Qe7 24. Qxe7 Bxe7 25. Rd7 Bf6 26. Bxf6 Rxf6
27. Rhd1 1-0

[Event "Russian Championship B13 1st league 2016"]
[Site "Loo"]
[Date "2016.04.26"]
[Round "7.52"]
[White "Tolstykh, Dmitri"]
[Black "Karavaev, Aleksandr"]
[Result "0-1"]
[WhiteElo "1397"]
[BlackElo "1662"]
[PlyCount "88"]
[EventDate "2016.04.20"]

1. d4 Nf6 2. c4 e6 3. Nc3 Bb4 4. Bg5 h6 5. Bxf6 Qxf6 6. Nf3 b6 7. a3 Bxc3+ 8.
bxc3 Bb7 9. g3 Nc6 10. Bg2 Na5 11. Qa4 c5 12. O-O Bc6 13. Qc2 Nxc4 14. dxc5
bxc5 15. Qd3 d5 16. e4 O-O 17. exd5 Bxd5 18. Nd2 Rad8 19. Bxd5 Nxd2 20. Qxd2
Rxd5 21. Qc2 Rfd8 22. Rfd1 Rxd1+ 23. Rxd1 Rxd1+ 24. Qxd1 Qxc3 25. Qa4 Qe1+ 26.
Kg2 a5 27. Qe8+ Kh7 28. Qxf7 Qe4+ 29. Kg1 c4 30. Qc7 Qe1+ 31. Kg2 c3 32. Qxa5
Qe4+ 33. Kg1 c2 34. Qd2 Qc4 35. Qc1 Qd3 36. Kg2 Qd1 37. Qe3 c1=Q 38. Qe4+ g6
39. Qb7+ Kg8 40. Qb8+ Kf7 41. Qb7+ Kf6 42. Qb8 Qf1+ 43. Kf3 Qc3+ 44. Kf4 Qfc4#
0-1

[Event "Russian Championship B13 1st league 2016"]
[Site "Loo"]
[Date "2016.04.26"]
[Round "7.53"]
[White "Fonichkin, Egor"]
[Black "Nedelko, Nikita"]
[Result "1-0"]
[WhiteElo "1631"]
[BlackElo "1439"]
[PlyCount "92"]
[EventDate "2016.04.20"]

1. d4 d5 2. Nc3 c6 3. Nf3 Bf5 4. Bf4 e6 5. e3 Nf6 6. Bd3 Bxd3 7. Qxd3 Be7 8.
O-O O-O 9. e4 dxe4 10. Nxe4 Nxe4 11. Qxe4 Nd7 12. c3 Nf6 13. Qc2 c5 14. dxc5
Bxc5 15. Rfd1 Qe7 16. b4 Bb6 17. Bd6 Qe8 18. Bxf8 Qxf8 19. Rd2 Rc8 20. a3 a5
21. Ne5 axb4 22. axb4 Qe7 23. Rad1 Nd5 24. c4 Qxb4 25. Rb1 Qe7 26. cxd5 Rxc2
27. Rxc2 Bc5 28. Nd3 Bxf2+ 29. Nxf2 h6 30. dxe6 Qxe6 31. Rcb2 Qe3 32. Rxb7 Qc5
33. R7b5 Qe3 34. R5b2 Qc5 35. Kh1 Qe3 36. Nh3 Qd4 37. Rf2 Qe3 38. Rbf1 f6 39.
Ra1 Kh7 40. Rfa2 Qd4 41. Ra7 Qe5 42. Rb1 Qe3 43. Rbb7 Qe1+ 44. Ng1 Qf1 45.
Rxg7+ Kh8 46. Rgb7 Qc4 1-0

[Event "Russian Championship B13 1st league 2016"]
[Site "Loo"]
[Date "2016.04.26"]
[Round "7.54"]
[White "Ivlev, Aleksandr"]
[Black "Volf, Sergey"]
[Result "1-0"]
[WhiteElo "1625"]
[BlackElo "1356"]
[PlyCount "133"]
[EventDate "2016.04.20"]

1. d4 Nf6 2. Nf3 e6 3. Bf4 c5 4. e3 Nc6 5. c3 Be7 6. Bd3 O-O 7. O-O b6 8. Qc2
Bb7 9. Nbd2 cxd4 10. exd4 Nd5 11. Bg3 f5 12. h3 f4 13. Bxh7+ Kh8 14. Bh2 Ba6
15. Rfe1 Bd6 16. Be4 Rc8 17. a3 Nf6 18. Bd3 Bxd3 19. Qxd3 Qe8 20. Nc4 Bb8 21.
Nce5 Bxe5 22. dxe5 Nd5 23. Rad1 Rd8 24. c4 Nde7 25. Qd2 Ng6 26. Re4 Qf7 27. h4
Qf5 28. Rde1 Kg8 29. h5 Qxh5 30. Bxf4 Rxf4 31. Rxf4 Nxf4 32. Qxf4 Rf8 33. Qd2
Nb8 34. Re4 Qg6 35. Qe3 Nc6 36. Nd4 Nxd4 37. Qxd4 Qf7 38. b4 Qe7 39. Qd3 Qf7
40. f3 Qe7 41. Rd4 Rd8 42. Rd6 Qh4 43. Qe2 Qf4 44. Kf2 Qh4+ 45. Ke3 Qg5+ 46. f4
Qg3+ 47. Qf3 Qe1+ 48. Kd3 Qb1+ 49. Kc3 Qc1+ 50. Kb3 Qb1+ 51. Ka4 Qc2+ 52. Kb5
Rc8 53. Ka6 Qxc4+ 54. Kxa7 Qc7+ 55. Qb7 Qc3 56. Kxb6 Qe3+ 57. Kb5 Qe2+ 58. Ka5
Qc4 59. Rxd7 Rc5+ 60. bxc5 Qxc5+ 61. Ka6 Qxa3+ 62. Kb6 Qb2+ 63. Kc7 Qc3+ 64.
Kb8 Qg3 65. Qf3 Qg6 66. Rd8+ Kf7 67. Qb7# 1-0

[Event "Russian Championship B13 1st league 2016"]
[Site "Loo"]
[Date "2016.04.26"]
[Round "7.55"]
[White "Chelebaev, Mikhail"]
[Black "Kostenko, Kirill"]
[Result "1/2-1/2"]
[WhiteElo "1397"]
[BlackElo "1614"]
[PlyCount "131"]
[EventDate "2016.04.20"]

1. c4 e5 2. Nc3 Nf6 3. g3 g6 4. Bg2 Bg7 5. e3 O-O 6. Nge2 Re8 7. O-O d6 8. d4
Nc6 9. a3 Rb8 10. b4 Bg4 11. Re1 exd4 12. exd4 Nxd4 13. Bb2 Nf3+ 14. Bxf3 Bxf3
15. Qd3 Bg4 16. Kg2 Bf5 17. Qd2 Qc8 18. Nf4 Qd7 19. f3 h5 20. h4 Rbd8 21. Kf2
Qc6 22. Rac1 Rxe1 23. Qxe1 Re8 24. Qd2 Qd7 25. Re1 Rxe1 26. Qxe1 Qe8 27. Qd2
Nd7 28. Ncd5 c6 29. Bxg7 Kxg7 30. Ne3 Qe5 31. Nxf5+ Qxf5 32. Qxd6 Nb6 33. Qd4+
Qf6 34. Ke3 Nc8 35. c5 Ne7 36. Qxf6+ Kxf6 37. g4 Ke5 38. Nd3+ Kf6 39. Ke4 Nd5
40. Kd4 Ke6 41. Nf2 f5 42. gxh5 gxh5 43. Nd3 Kf6 44. b5 Ke6 45. bxc6 bxc6 46.
Nb4 Nxb4 47. axb4 a6 48. f4 Kf6 49. Kc4 Ke7 50. Kb3 Kd7 51. Kc4 Ke7 52. Kd4 Ke6
53. Kc4 Ke7 54. Kb3 Kd7 55. Ka4 Kc7 56. Ka5 Kb7 57. Ka4 Kc7 58. Kb3 Kd7 59. Kc4
Ke7 60. Kd3 Kf6 61. Kc4 Ke7 62. Kd3 Kf6 63. Kd4 Ke6 64. Kc4 Ke7 65. Kb3 Kd7 66.
Ka4 1/2-1/2